000 00481nam a2200181Ia 4500
001 18178
005 20260306171611.0
008 260306s9999||||xx |||||||||||||| ||und||
041 _aESP
082 _a658.4012
_bS56
100 _aSimon, Hermann
_eAUT
245 0 _aEstrategias para competir:
_blecciones poderosas para una administración más efectiva
260 _c2014
300 _a232 páginas :
_c23 cm.
650 _aGEN
654 _aCAN
942 _cLIB
_dJUS
_fJUS
_2ddc
_n
999 _c18178
_d18178